| 000 | 00722cab a2200241 4500 | ||
|---|---|---|---|
| 001 | ABS54673 | ||
| 008 | 090401t1996 xxu||||| |||| 00| 0 eng d | ||
| 035 | _a(Sirsi) u11676 | ||
| 041 | _aeng | ||
| 100 | _aWhitmore, J. | ||
| 245 | _aMarksmen | ||
| 260 | _c1996 | ||
| 350 | _a0 | ||
| 490 |
_aProperty Week _v54(10) 7 March 1996, 22-23(2) |
||
| 520 | _aExamines the activities of German open-ended funds in the UK property investment market quoting examples. | ||
| 650 | _aFOREIGN INVESTMENT-GERMANY | ||
| 650 | _aGERMANY | ||
| 650 | _aOPEN-ENDED FUNDS | ||
| 650 | _aOVERSEAS INVESTORS | ||
| 690 | _aPROPERTY-COMMERCIAL PROPERTY-COMMERCIAL PROPERTY FINANCE AND INVESTMENT | ||
| 942 | _n0 | ||
| 948 | _c04/03/1997 | ||
| 999 |
_c7453 _d7453 |
||